000 00668nam a2200217Ia 4500
999 _c39067
_d39067
003 GCL
005 20240530103409.0
008 140319s9999 xx 000 0 ara d
040 _aGCL /
_cGCL
082 0 4 _a161
_bر م
100 1 _aاحمد فؤاد الاهوانى
245 1 0 _aمقدمة للفلسفة الرياضية /
_cاحمد فؤاد الاهوانى
300 _a248 ص
650 0 4 _aالرياضيات
650 0 4 _aالاعداد (نظرية)
650 0 4 _aالحساب الاعداد الاولية
650 0 4 _aكسور الاعداد
700 1 _aراسل، برتراند
700 1 _aمحمد مرسى احمد
942 _2ddc
_cBK